000 00304nam a2200121Ia 4500
005 20251222154346.0
008 251222s9999||||xx |||||||||||||| ||spa||
020 _a84-206-0130-1
082 _a511/G25
100 _a"Gareth Ashurst, F."
245 0 _aFundadores de las mateméticas modernas
942 _cLIB
999 _c34699
_d34699